000 00404nam a22001577a 4500
005 20251108170609.0
008 250721s9999 xx 000 0 eng d
082 1 4 _aj/f/dol
100 1 _adolch, edward w
245 1 0 _afairy stories for pleasure reading /
264 1 _achampaign :
_bgarrad press,
_c[19-].
300 _a165 p : ill
650 1 7 _aenglish fiction
942 _2ddc
_cBK
999 _c44410
_d44410